000 00321nam a2200121Ia 4500
008 190216s9999||||xx |||||||||||||| ||und||
100 _aWillian Van Royen&Amp; Nela Abengtson
245 0 _aFundamentals Of Economic Geography
260 _bPentice Hall Of India
_c1967
300 _a613p
650 _aEconomics
942 _cBK
999 _c9115
_d9115